The Oxford 3000 - Letter O - Translate from Polish to English - Statystyki

Ogólne statystyki
  • Ten quiz został rozwiązany 22 razy
  • Średni wynik to 50 z 80
Statystyki odpowiedzi
Polish Angielski % Poprawnych
ocean ocean
100%
Październik October
100%
obserwacja observation
91%
obserwować; przestrzegać observe
91%
okazja occasion
91%
cebula onion
91%
internetowy; online online
91%
otwarty; otwierać open
91%
działanie; operacja operation
91%
opinia opinion
91%
opcja option
91%
lub or
91%
pomarańcza; pomarańczowy orange
91%
nasz(z rzeczownikiem) our
91%
obiekt; sprzeciwiać się object
82%
godzina(słówko które dodaje się do pełnej godziny) o'clock
82%
oferta; propozycja; oferować; zaproponować offer
82%
biuro; kancelaria; gabinet; urząd office
82%
funkcjonariusz; oficer officer
82%
oficjalny; urzędowy; urzędnik official
82%
stary old
82%
raz; jednorazowo; kiedyś; niegdyś once
82%
tylko; jedynie; jedyny only
82%
zamówienie; kolejność; rozkaz; zamawiać; nakazać order
82%
organ; narząd organ
82%
organizacja; zorganizowanie organization
82%
własny; swój; swoje; swoja; posiadać own
82%
właściciel/właścicielka owner
82%
ofensywny; obraźliwy; obrażający; ofensywa offensive
73%
często; zwykle often
73%
w porządku; dobrze; zgoda OK
73%
na; o; w; na czymś on
73%
otwarcie opening
73%
zorganizowany; uporządkowany organized
73%
oryginalny; pierwotny; oryginał original
73%
nasz(bez rzeczownika) ours
73%
poza; na zewnątrz out
73%
nad; ponad; przez; skończony; więcej niż over
73%
cel; zadanie; obiektywny; rzeczowy objective
64%
oczywisty obvious
64%
sporadycznie; okazjonalnie occasionally
64%
wyłączony; z; od off
64%
olej; olejek; ropa oil
64%
obsługiwać; eksploatować; działać; operować operate
64%
przeciwnik opponent
64%
możliwość; okazja; szansa opportunity
64%
opozycja; sprzeciw opposition
64%
zwyczajny; zwykły ordinary
64%
organizować; uporządkować organize
64%
oryginalnie; pierwotnie originally
64%
inny; inaczej other
64%
na zewnątrz; na zewnątrz czegoś; strona zewnętrzna; zewnętrzny outside
64%
piekarnik; piec oven
64%
oczywiście obviously
55%
z; spośród of
55%
obrażać offend
55%
staromodny old-fashioned
55%
naprzeciwko; przeciwieństwo; naprzeciw; przeciwny; odwrotny opposite
55%
pochodzenie origin
55%
powinien; powinna; powinno ought
55%
sprzeciwiać się; przeciwstawiać się oppose
45%
organizator organizer
45%
uzyskać; otrzymać obtain
36%
wydarzyć się; wystąpić occur
36%
dziwny; nieparzysty odd
36%
my sami; się ourselves
36%
przestrzegać; być posłusznym obey
27%
na (ruch w kierunku na powierzchnię) onto
27%
w przeciwnym razie; inaczej otherwise
27%
być winnym; mieć dług; zawdzięczać coś owe
27%
obowiązek obligation
18%
plenerowy; zewnętrzny; na zewnątrz outdoor
18%
zarys; obrys; zarysować; obrysować outline
18%
ogólnie; ogółem; ogólny overall
18%
zagraniczny; zamorski; za granicą; za morzem overseas
18%
przestępstwo; wykroczenie offense
9%
wynik; rezultat outcome
9%
na świeżym powietrzu outdoors
9%
zewnętrzny; poza czymś outer
9%
sprzeciwiający się; przeciwny opposed
0%
Nie znaleziono quizów pasujących do podanych kryteriów
Rozkład punktacji
Procent ludzi z każdym wynikiem
Percentyl według liczby udzielonych odpowiedzi
Twoja historia wyników
Nie rozwiązałeś tego quizu